Nombres oficiales de los países del mundo - Estadísticas

Estadísticas generales
  • Esta prueba ha sido intentada 57 veces
  • La puntuación promedio es 26 de 196
Respuestas en el mapa
Las respuestas están codificadas por una escala verde-roja en el mapa de la prueba según el % correcto abajo.
 
Estadísticas de respuestas
Country % Correcto
Estados Unidos de América
79%
Reino de España
74%
Canadá
55%
República Argentina
53%
República Francesa
53%
Estados Unidos Mexicanos
50%
República de Chile
47%
Reino de Dinamarca
42%
República Italiana
42%
Reino de Noruega
39%
Irlanda
37%
Islandia
37%
Reino de Suecia
37%
República del Perú
37%
República Popular China
37%
República de Colombia
34%
República Portuguesa
34%
Principado de Andorra
32%
Reino de Bélgica
32%
Reino de los Países Bajos
32%
Reino Unido de Gran Bretaña e Irlanda del Norte
32%
Japón
29%
Principado de Mónaco
29%
República Bolivariana de Venezuela
29%
República de Finlandia
29%
República del Paraguay
29%
Emiratos Árabes Unidos
26%
República Checa
26%
República Democrática del Congo
26%
República de Polonia
26%
República de China
24%
República Dominicana
24%
Reino de Marruecos
21%
República de Bulgaria
21%
República del Congo
21%
República de San Marino
21%
República de Serbia
21%
Federación de Rusia
18%
República de Cuba
18%
República del Ecuador
18%
República de Malta
18%
República de Panamá
18%
República Oriental del Uruguay
18%
Confederación Suiza
16%
Islas Salomón
16%
Mongolia
16%
Principado de Liechtenstein
16%
República Centroafricana
16%
República de Albania
16%
República de Austria
16%
República de Croacia
16%
República de El Salvador
16%
República de Eslovenia
16%
República de Guatemala
16%
República de Haití
16%
República de Kosovo
16%
República de Sudán
16%
República de Yemen
16%
República Federal de Alemania
16%
Estados Federados de Micronesia
13%
Nueva Zelanda
13%
República de Corea
13%
República de Costa Rica
13%
República de Estonia
13%
República de Honduras
13%
República de Indonesia
13%
República de Letonia
13%
República de Lituania
13%
República de Macedonia del Norte
13%
República de Moldavia
13%
República de Nicaragua
13%
República de Sudán del Sur
13%
República de Turquía
13%
República Eslovaca
13%
Ucrania
13%
Barbados
11%
Estado de Israel
11%
Estado de la Ciudad del Vaticano
11%
Estado Plurinacional de Bolivia
11%
Granada
11%
Reino de Camboya
11%
Reino de Lesoto
11%
República de Armenia
11%
República de Azerbaiyán
11%
República de Filipinas
11%
República de la India
11%
República de Mali
11%
República de Sudáfrica
11%
República de Surinam
11%
República Federativa de Brasil
11%
República Islámica de Irán
11%
San Vicente y Las Granadinas
11%
Belice
8%
Bosnia y Herzegovina
8%
Gran Ducado de Luxemburgo
8%
Hungría
8%
Reino de Arabia Saudita
8%
Reino de Esuatini
8%
República de Angola
8%
República de Benín
8%
República de Cabo Verde
8%
República de Chipre
8%
República de Costa de Marfil
8%
República de Fiyi
8%
República de Ghana
8%
República de Kazajistán
8%
República de Kenia
8%
República de Kiribati
8%
República de Madagascar
8%
República de Maldivas
8%
República de Mauricio
8%
República de Nauru
8%
República de Palaos
8%
República de Tayikistán
8%
República de Uzbekistán
8%
República de Vanuatu
8%
República Helénica
8%
Rumania
8%
Santa Lucía
8%
Sultanato de Omán
8%
Antigua y Barbuda
5%
Burkina Faso
5%
Estado de Kuwait
5%
Estado de Libia
5%
Jamaica
5%
Malasia
5%
Montenegro
5%
Reino de Bután
5%
Reino de Tailandia
5%
Reino de Tonga
5%
República Árabe de Egipto
5%
República Cooperativa de Guyana
5%
República de Botsuana
5%
República de Burundi
5%
República de Camerún
5%
República de Gambia
5%
República de Guinea
5%
República de Guinea-Bisáu
5%
República de Guinea Ecuatorial
5%
República de Irak
5%
República de las Islas Marshall
5%
República de Liberia
5%
República de Malawi
5%
República de Mozambique
5%
República de Namibia
5%
República de Sierra Leona
5%
República de Turkmenistán
5%
República de Uganda
5%
República de Yibuti
5%
República de Zambia
5%
República de Zimbabue
5%
República Islámica de Mauritania
5%
República Islámica de Pakistán
5%
República Libanesa
5%
República Popular Democrática de Corea
5%
República Tunecina
5%
Tuvalu
5%
Brunéi Darusalam
3%
Emirato Islámico de Afganistán
3%
Estado de Eritrea
3%
Estado de Qatar
3%
Federación de San Cristobal y Nieves
3%
Georgia
3%
Reino de Baréin
3%
Reino Hachemita de Jordania
3%
República Árabe Siria
3%
República de Belarús
3%
República de las Seychelles
3%
República de la Unión de Myanmar
3%
República del Chad
3%
República del Níger
3%
República del Senegal
3%
República Democrática de Santo Tomé y Príncipe
3%
República Democrática de Timor-Leste
3%
República Democrática Federal de Etiopía
3%
República Democrática Socialista de Sri Lanka
3%
República de Rwanda
3%
República de Singapur
3%
República de Trinidad y Tobago
3%
República Federal Democrática de Nepal
3%
República Federal de Nigeria
3%
República Federal de Somalia
3%
República Gabonesa
3%
República Kirguisa
3%
República Socialista de Vietnam
3%
República Togolesa
3%
República Unida de Tanzania
3%
Unión de las Comoras
3%
Estado Independiente de Papúa Nueva Guinea
0%
Estado Independiente de Samoa
0%
Mancomunidad de Australia
0%
Mancomunidad de Dominica
0%
Mancomunidad de las Bahamas
0%
República Argelina Democrática y Popular
0%
República Democrática Popular Lao
0%
República Popular de Bangladés
0%
No se encontraron pruebas coincidentes
Distribución de puntuación
Porcentaje de gente con cada puntuación
Porcentaje por número respondido
Historial de tus puntuaciones
No has intentado esta prueba.